Countries And Capitals With The Same Number Of Letters - Statistics

General Stats
  • This quiz has been taken 68 times
    57 since last reset
  • The average score is 25 of 34
Answer Stats
Europe Europe % Correct
6 Canada/Ottawa
96%
10 Luxembourg/Luxembourg
88%
8 Paraguay/Asunción
88%
4 Peru/Lima
88%
6 Russia/Moscow
88%
4 Togo/Lomé
88%
6 Athens/Greece
84%
4 Fiji/Suva
84%
5 Japan/Tokyo
84%
10 New Zealand/Wellington
84%
9 San Marino/San Marino
84%
6 Turkey/Ankara
84%
5 Egypt/Cairo
80%
7 Estonia/Tallinn
76%
6 Monaco/Monaco
76%
5 Nauru/Yaren
76%
6 Poland/Warsaw
76%
9 Singapore/Singapore
76%
11 Vatican City/Vatican City
72%
5 Yemen/Sana'a
72%
6 Angola/Luanda
68%
5 Ghana/Accra
68%
7 Algeria/Algiers
64%
6 Rwanda/Kigali
64%
6 Taiwan/Taipei
64%
7 Armenia/Yerevan
60%
8 Botswana/Gaborone
60%
8 Djibouti/Djibouti
60%
6 Gambia/Banjul
56%
7 Georgia/Tbilisi
56%
6 Zambia/Lusaka
56%
10 Mauritania/Nouakchott
52%
9 Mauritius/Port Louis
48%
11 Burkina Faso/Ouagadougou
44%
No matching quizzes found
Score Distribution
Percent of People with Each Score
Percentile by Number Answered
Your Score History
You have not taken this quiz since the last reset